000 00335nam a2200121 a 4500
005 20140414093833.0
008 970109s19uu xx 00 eng d
050 _aVHS 200
_bOR 19 V. 1
245 _aSaints for Kids /
_cFrancis of Assisi, Elizabeth & Zechariah, Martin of Tours.
440 _aVol. 1
942 _cAVM
999 _c108864
_d108864